| 000 | 00628nam a22002057a 4500 | ||
|---|---|---|---|
| 999 |
_c3846 _d3846 |
||
| 003 | AR-CdUCM | ||
| 008 | 190307b ||||| |||| 00| 0 spa d | ||
| 040 |
_aMUNICIPALIDAD PROVINCIAL DEL CUSCO _cBIBLIOTECA MUNICIPAL DEL CUSCO |
||
| 082 |
_a848.8 / _bM84 |
||
| 100 |
_aMontepin, Xavier de _912367 |
||
| 245 | _aEl Coche N° 13 | ||
| 260 |
_aArgentina : _bTor ; _c1957. |
||
| 300 |
_a252 páginas ; _bilustraciones, _c22cm |
||
| 505 | _aContenido: Novela | ||
| 650 |
_aNovela francesa _912368 |
||
| 650 |
_aLiteratura siglo XIX _93017 |
||
| 700 |
_aPuccio, Alberto (traducción) _912369 |
||
| 942 |
_2ddc _cLIBROS |
||
| 945 | _anom | ||